| 000 | 00460nam a2200157 a 4500 | ||
|---|---|---|---|
| 001 | 000028977 | ||
| 005 | 20200930055243.0 | ||
| 008 | 110413s1984 dr 000 | spa d | ||
| 040 |
_aDO-SdBNP _bspa _cBNPHU |
||
| 082 |
_axxxx _bE77n |
||
| 100 | 1 |
_aEsquea Guerrero, Emmanuel, _d1944 _98472 |
|
| 245 | 1 | 3 |
_aEl nuevo régimen jurídico forestal / _cEmmanuel Esquea Guerrero. |
| 260 |
_aSanto Domingo : _bONAP, _c1984. |
||
| 300 |
_a19 cm. ; _c21 cm. |
||
| 049 | _aBNPD | ||
| 999 |
_c28469 _d28469 |
||